00423nam a22001577a 4500003000500000005001700005008004100022020001800063040000600081082001800087100002200105245004900127260003000176300000900206650005000215CEME20210628203641.0210317b xxu||||| |||| 00| 0 eng d a0-471-63301-1 c. a621.381 STE'V aSteinberg, Dave S aVibration analysis for electronic equipement aNEWYORKbJOHN WILEYc1988 a443P aELECTRONIC APPARATUS AND APPLIANCES VIBRATION